[Event "FRA-chT2W 0203"]
[Site "France"]
[Date "2003.02.02"]
[Round "7"]
[White "Riou, Ivan"]
[Black "Alet, Jean Pierre"]
[Result "1/2-1/2"]
[WhiteElo "2267"]
[BlackElo "2211"]
[PlyCount "143"]
[EventDate "2002.10.??"]
[EventType "team"]
[EventRounds "11"]
[EventCountry "FRA"]
[SourceTitle "EXT 2004"]
[Source "ChessBase"]
[SourceDate "2003.11.25"]
[SourceVersion "1"]
[SourceVersionDate "2003.11.25"]
[SourceQuality "1"]
[WhiteTeam "Migne Auxances"]
[BlackTeam "Poitiers Buxerolles"]
[WhiteTeamCountry "FRA"]
[BlackTeamCountry "FRA"]

1. e4 Nf6 2. e5 Nd5 3. d4 d6 4. c4 Nb6 5. f4 dxe5 6. fxe5 Nc6 7. Be3 Bf5 8. Nc3 e6 9. Nf3 Bb4 10. Be2 Na5 11. 0-0 Naxc4 12. Bxc4 Nxc4 13. Bg5 Qd7 14. Qb3 Bxc3 15. bxc3 b5 16. a4 c6 17. d5 cxd5 18. Nd4 bxa4 19. Rxa4 0-0 20. Nxf5 exf5 21. Rb4 a5 22. Rb7 Rab8 23. Rxd7 Rxb3 24. Rxf5 h6 25. Be7 Rb1+ 26. Kf2 Re8 27. Bd6 Rf1+ 28. Kxf1 Ne3+ 29. Kf2 Nxf5 30. Bc7 a4 31. Rxd5 Ra8 32. Rd2 Kf8 33. Kf3 g6 34. g4 Ng7 35. Ke4 Ne6 36. Bd6+ Ke8 37. Kd5 Rc8 38. c4 Nf4+ 39. Kd4 Kd7 40. Ra2 Ne6+ 41. Kd5 Nf4+ 42. Kd4 Ne6+ 43. Kc3 Ra8 44. Rf2 Ng5 45. Kb4 a3 46. Kb3 a2 47. Rxa2 Rxa2 48. Kxa2 Nf3 49. c5 Kc6 50. Kb3 Nd2+ 51. Kc3 Ne4+ 52. Kd4 Nf2 53. Bf8 Nxg4 54. h3 Nf2 55. h4 Ng4 56. Ke4 Nf2+ 57. Ke3 Nd1+ 58. Kf4 Nc3 59. e6 g5+ 60. Ke5 fxe6 61. h5 Nd5 62. Bxh6 Nf4 63. Bxg5 Nxh5 64. Be3 Ng3 65. Bf2 Ne2 66. Ke4 Nc3+ 67. Kd3 Na4 68. Kc4 Nb2+ 69. Kd4 Na4 70. Ke5 Nxc5 71. Bxc5 Kxc5 72. Kxe6 1/2-1/2

[Event "FRA-chT2W 0203"]
[Site "France"]
[Date "2003.01.19"]
[Round "6"]
[White "Riou, Ivan"]
[Black "Mokcsay, Robert"]
[Result "1/2-1/2"]
[WhiteElo "2267"]
[BlackElo "2377"]
[PlyCount "127"]
[EventDate "2002.10.??"]
[EventType "team"]
[EventRounds "11"]
[EventCountry "FRA"]
[SourceTitle "EXT 2004"]
[Source "ChessBase"]
[SourceDate "2003.11.25"]
[SourceVersion "1"]
[SourceVersionDate "2003.11.25"]
[SourceQuality "1"]
[WhiteTeam "Migne Auxances"]
[BlackTeam "Bagneux"]
[WhiteTeamCountry "FRA"]
[BlackTeamCountry "FRA"]

1. e4 c6 2. d4 d5 3. exd5 cxd5 4. c4 Nf6 5. Nc3 Nc6 6. Nf3 Bg4 7. cxd5 Nxd5 8. Qb3 Bxf3 9. gxf3 e6 10. Qxb7 Nxd4 11. Bb5+ Nxb5 12. Qc6+ Ke7 13. Qxb5 Nxc3 14. bxc3 Qd5 15. Qe2 f6 16. 0-0 Kf7 17. Rd1 Qc6 18. Qe4 Qxe4 19. fxe4 Bc5 20. Kf1 Ke7 21. Ke2 Rab8 22. Be3 Rhc8 23. Bxc5+ Rxc5 24. Rab1 Rb6 25. Rxb6 axb6 26. Rb1 Rxc3 27. Rxb6 Rc2+ 28. Kf3 Rxa2 29. Rb7+ Kf8 30. h4 h5 31. Rb5 e5 32. Rb7 Ra4 33. Rb8+ Kf7 34. Rb7+ Kg6 35. Rc7 Ra6 36. Kg3 Kh6 37. Re7 Ra1 38. Kg2 g5 39. hxg5+ Kxg5 40. Rg7+ Kf4 41. Rh7 Kxe4 42. Rxh5 f5 43. Rh3 f4 44. Rb3 Ra2 45. Rc3 Kd4 46. Rf3 Ra4 47. Kf1 Rc4 48. Ra3 e4 49. Ra8 Rc1+ 50. Ke2 f3+ 51. Kd2 Rf1 52. Rd8+ Ke5 53. Re8+ Kf4 54. Rf8+ Kg4 55. Rg8+ Kh3 56. Ke3 Re1+ 57. Kf4 Kh2 58. Rg7 Rg1 59. Ra7 Kg2 60. Kxe4 Re1+ 61. Kf4 Re2 62. Ra3 Rxf2 63. Kg4 Rf1 64. Rb3 1/2-1/2

[Event "FRA-chT2W 0203"]
[Site "France"]
[Date "2002.12.08"]
[Round "4"]
[White "Chaudagne, Christophe"]
[Black "Riou, Ivan"]
[Result "1/2-1/2"]
[WhiteElo "2126"]
[BlackElo "2267"]
[PlyCount "118"]
[EventDate "2002.10.??"]
[EventType "team"]
[EventRounds "11"]
[EventCountry "FRA"]
[SourceTitle "EXT 2004"]
[Source "ChessBase"]
[SourceDate "2003.11.25"]
[SourceVersion "1"]
[SourceVersionDate "2003.11.25"]
[SourceQuality "1"]
[WhiteTeam "Clermont Ferrand"]
[BlackTeam "Migne Auxances"]
[WhiteTeamCountry "FRA"]
[BlackTeamCountry "FRA"]

1. e4 e5 2. Nf3 Nc6 3. Bb5 a6 4. Bxc6 dxc6 5. 0-0 Bg4 6. h3 h5 7. d3 Qf6 8. Be3 Bxf3 9. Qxf3 Qxf3 10. gxf3 Bd6 11. Nd2 Ne7 12. Rfb1 c5 13. a4 Kd7 14. Kf1 Nc6 15. c3 Na5 16. Nc4 Nxc4 17. dxc4 a5 18. Ke2 Ke6 19. Rg1 g6 20. Rad1 Rhd8 21. Rd3 Rd7 22. Rgd1 Rad8 23. Bg5 Be7 24. Rxd7 Rxd7 25. Rxd7 Kxd7 26. Be3 Bd6 27. Bg5 Ke6 28. Be3 f5 29. Kd3 Kf6 30. Ke2 Be7 31. Bd2 Ke6 32. Kf1 Bh4 33. Kg2 Kf6 34. Be3 b6 35. Bd2 Bg5 36. Be1 Bc1 37. h4 g5 38. Kg3 Bf4+ 39. Kg2 gxh4 40. Kh3 Bg5 41. b4 Kg6 42. bxa5 bxa5 43. f4 Bxf4 44. f3 Bg3 45. Bd2 fxe4 46. fxe4 Bf4 47. Be1 Bg5 48. Bf2 Bd2 49. Bxh4 Bxc3 50. Be7 Bd2 51. Bd8 Bc3 52. Be7 Bd2 53. Bd8 c6 54. Kh4 Be1+ 55. Kh3 Kh6 56. Bf6 Bc3 57. Bd8 Kg6 58. Kh4 Bd2 59. Be7 Be1+ 1/2-1/2

[Event "FRA-chT2W 0203"]
[Site "France"]
[Date "2002.11.17"]
[Round "3"]
[White "Le Floch, Sebastien"]
[Black "Riou, Ivan"]
[Result "1-0"]
[WhiteElo "2188"]
[BlackElo "2267"]
[PlyCount "111"]
[EventDate "2002.10.??"]
[EventType "team"]
[EventRounds "11"]
[EventCountry "FRA"]
[SourceTitle "EXT 2004"]
[Source "ChessBase"]
[SourceDate "2003.11.25"]
[SourceVersion "1"]
[SourceVersionDate "2003.11.25"]
[SourceQuality "1"]
[WhiteTeam "Brest"]
[BlackTeam "Migne Auxances"]
[WhiteTeamCountry "FRA"]
[BlackTeamCountry "FRA"]

1. f4 d5 2. Nf3 Nf6 3. d3 g6 4. g3 Bg7 5. Bg2 0-0 6. 0-0 c6 7. Nc3 d4 8. Ne4 Nd5 9. Qe1 f5 10. Nf2 Qd6 11. Bd2 Nd7 12. c3 dxc3 13. bxc3 e5 14. e4 Ne7 15. d4 exd4 16. cxd4 Nb6 17. exf5 Nbd5 18. fxg6 hxg6 19. Ne4 Qc7 20. Bb4 Nxb4 21. Qxb4 Nd5 22. Qb3 Qb6 23. Qd3 Bf5 24. Rab1 Qc7 25. Nh4 Rad8 26. Rfe1 Nxf4 27. gxf4 Bxd4+ 28. Kh1 Qxf4 29. Nxf5 gxf5 30. Rf1 Qh4 31. Qg3+ Qxg3 32. Nxg3 f4 33. Ne2 Bb6 34. Nxf4 Rd2 35. Rb3 Rf6 36. Rg3+ Kf7 37. Rd3 Rxa2 38. Rd7+ Ke8 39. Rxb7 Rf2 40. Re1+ Kd8 41. Ne6+ Kc8 42. Rg7 Rf7 43. Rxf7 Rxf7 44. Bxc6 Rf2 45. Rg1 Rd2 46. Rg8+ Bd8 47. h4 Rd6 48. Nxd8 Rxd8 49. Rg5 Kc7 50. Bd5 Kd6 51. h5 Ke7 52. Be4 Rd4 53. h6 Kf6 54. Rg4 Rd1+ 55. Kg2 Rd2+ 56. Kg3 1-0

[Event "Cannes op"]
[Site "Cannes"]
[Date "1996.??.??"]
[Round "8"]
[White "Lazovic, Gordan"]
[Black "Riou, Ivan"]
[Result "1-0"]
[WhiteElo "2325"]
[BlackElo "2295"]
[PlyCount "87"]
[EventDate "1996.02.??"]
[EventType "swiss"]
[EventRounds "9"]
[EventCountry "FRA"]
[SourceTitle "CBM 051 Extra"]
[Source "ChessBase"]
[SourceDate "1996.05.01"]
[SourceVersion "1"]
[SourceVersionDate "1996.05.01"]
[SourceQuality "1"]

1. d4 Nf6 2. c4 g6 3. Nc3 Bg7 4. e4 0-0 5. Nf3 d6 6. Be2 e5 7. dxe5 dxe5 8. Qxd8 Rxd8 9. Bg5 Re8 10. Nd5 Nxd5 11. cxd5 c6 12. Bc4 cxd5 13. Bxd5 Nd7 14. Rc1 Nb6 15. Bb3 Be6 16. Bxe6 Rxe6 17. Rc7 Rb8 18. Ke2 Ree8 19. Be3 Bf8 20. Rd1 f6 21. Bxb6 axb6 22. Rdd7 Rbc8 23. Rxh7 Rxc7 24. Rxc7 Re7 25. Rxe7 Bxe7 26. Nd2 Kf7 27. Kd3 b5 28. Nb1 Bc5 29. f3 b4 30. Kc4 b6 31. Nd2 Bd4 32. Kxb4 Bxb2 33. Nb3 f5 34. Kb5 Kf6 35. Kxb6 fxe4 36. fxe4 Kg5 37. a4 Kf4 38. Nc5 Bc3 39. a5 Bxa5+ 40. Kxa5 Ke3 41. Kb5 g5 42. Kc4 Kf2 43. Kd5 Kxg2 44. Kxe5 1-0

[Event "Cannes op"]
[Site "Cannes"]
[Date "1996.??.??"]
[Round "7"]
[White "Medak, Damir"]
[Black "Riou, Ivan"]
[Result "1-0"]
[WhiteElo "2335"]
[BlackElo "2295"]
[PlyCount "71"]
[EventDate "1996.02.??"]
[EventType "swiss"]
[EventRounds "9"]
[EventCountry "FRA"]
[SourceTitle "CBM 051 Extra"]
[Source "ChessBase"]
[SourceDate "1996.05.01"]
[SourceVersion "1"]
[SourceVersionDate "1996.05.01"]
[SourceQuality "1"]

1. Nf3 Nf6 2. g3 g6 3. Bg2 Bg7 4. 0-0 0-0 5. d4 d6 6. b3 Nc6 7. Bb2 e5 8. dxe5 Ng4 9. Qc1 Ngxe5 10. c4 Nxf3+ 11. Bxf3 Nd4 12. Bxd4 Bxd4 13. Nc3 Rb8 14. Qd2 Bg7 15. Rac1 Bf5 16. Rfd1 Re8 17. e3 Qc8 18. Nd5 Be4 19. Bxe4 Rxe4 20. Qa5 c6 21. Nc3 Re5 22. Qxa7 Qc7 23. Qd4 Rd8 24. Qd3 Qe7 25. Rc2 h5 26. Ne2 h4 27. Nd4 hxg3 28. hxg3 Bh6 29. Qe2 Re8 30. Rcd2 Qd7 31. Rd3 Rh5 32. Qf3 Bg7 33. Qg2 Qg4 34. Nf3 Bf8 35. Rd4 Qf5 36. g4 1-0

[Event "Cannes op"]
[Site "Cannes"]
[Date "1996.??.??"]
[Round "5"]
[White "Novak, Danijel"]
[Black "Riou, Ivan"]
[Result "0-1"]
[WhiteElo "2315"]
[BlackElo "2295"]
[PlyCount "82"]
[EventDate "1996.02.??"]
[EventType "swiss"]
[EventRounds "9"]
[EventCountry "FRA"]
[SourceTitle "CBM 051 Extra"]
[Source "ChessBase"]
[SourceDate "1996.05.01"]
[SourceVersion "1"]
[SourceVersionDate "1996.05.01"]
[SourceQuality "1"]

1. e4 e5 2. Nf3 Nc6 3. d4 exd4 4. Nxd4 Nf6 5. Nxc6 bxc6 6. e5 Qe7 7. Qe2 Nd5 8. c4 Ba6 9. b3 Qh4 10. a3 Bc5 11. g3 Bxf2+ 12. Qxf2 Qe4+ 13. Kd1 Qxh1 14. Nd2 Nc3+ 15. Kc2 Ne4 16. Nxe4 Qxe4+ 17. Bd3 Qg4 18. Bf5 Qh5 19. h4 f6 20. g4 Qf7 21. exf6 g6 22. Bb2 0-0 23. h5 Bxc4 24. Rg1 Rae8 25. hxg6 hxg6 26. bxc4 Qxc4+ 27. Kb1 Re2 28. Qd4 Qxd4 29. Bxd4 gxf5 30. g5 c5 31. Bxc5 Rb8+ 32. Kc1 Kf7 33. Bxa7 Rg8 34. Bd4 f4 35. a4 f3 36. a5 f2 37. Rd1 Re1 38. Bxf2 Rxd1+ 39. Kxd1 Rxg5 40. a6 Ra5 41. a7 Kxf6 0-1

[Event "Cannes op"]
[Site "Cannes"]
[Date "1996.??.??"]
[Round "4"]
[White "Riou, Ivan"]
[Black "Kleinplatz, Sam"]
[Result "0-1"]
[WhiteElo "2295"]
[BlackElo "2345"]
[PlyCount "80"]
[EventDate "1996.02.??"]
[EventType "swiss"]
[EventRounds "9"]
[EventCountry "FRA"]
[SourceTitle "CBM 051 Extra"]
[Source "ChessBase"]
[SourceDate "1996.05.01"]
[SourceVersion "1"]
[SourceVersionDate "1996.05.01"]
[SourceQuality "1"]

1. e4 c5 2. Nf3 d6 3. d4 cxd4 4. Nxd4 Nf6 5. Nc3 a6 6. Bc4 e6 7. Bb3 b5 8. 0-0 Be7 9. Qf3 Qc7 10. Qg3 0-0 11. Bh6 Ne8 12. Rad1 Bd7 13. Be3 Nc6 14. f4 b4 15. Nce2 Na5 16. c3 Nxb3 17. axb3 Nf6 18. Qf3 e5 19. Nf5 Bxf5 20. exf5 h5 21. fxe5 dxe5 22. Bg5 Ng4 23. Bxe7 Qxe7 24. Ng3 bxc3 25. Nxh5 Qg5 26. Ng3 Qe3+ 27. Kh1 Qxf3 28. Rxf3 e4 29. Nxe4 c2 30. Rc1 Rad8 31. Nc3 Rfe8 32. Rff1 Rd2 33. Kg1 Kf8 34. Rfe1 Ne3 35. Re2 Rd1+ 36. Re1 Rd2 37. Re2 Nd1 38. Kf1 Rexe2 39. Nxe2 Nxb2 40. Nd4 Rd1+ 0-1

[Event "Cannes op"]
[Site "Cannes"]
[Date "1996.??.??"]
[Round "6"]
[White "Riou, Ivan"]
[Black "Koerholz, Ludger"]
[Result "0-1"]
[WhiteElo "2295"]
[BlackElo "2335"]
[PlyCount "68"]
[EventDate "1996.02.??"]
[EventType "swiss"]
[EventRounds "9"]
[EventCountry "FRA"]
[SourceTitle "CBM 051 Extra"]
[Source "ChessBase"]
[SourceDate "1996.05.01"]
[SourceVersion "1"]
[SourceVersionDate "1996.05.01"]
[SourceQuality "1"]

1. e4 e5 2. Nf3 Nc6 3. d4 exd4 4. Nxd4 Bc5 5. Be3 Qf6 6. c3 Nge7 7. Bc4 Bb6 8. 0-0 0-0 9. Na3 Rd8 10. Nac2 d5 11. Nxc6 bxc6 12. Be2 Bb7 13. exd5 cxd5 14. Bf3 Nf5 15. Bxb6 axb6 16. g3 c5 17. Bg2 Bc6 18. Qg4 Ra4 19. Qf3 Rd6 20. Rfe1 g6 21. Qd3 h5 22. a3 Kg7 23. Rad1 Ra8 24. Ne3 Ne7 25. Qe2 Ra7 26. Rd2 Rad7 27. Qd1 b5 28. Qc2 d4 29. cxd4 cxd4 30. Nf1 Bxg2 31. Kxg2 Nc6 32. Red1 Ne5 33. Qe4 Nc4 34. Rd3 Re6 0-1